1129 1681 1561 1231 1175 1392 1013 1963 1643 1283 1329 1017 1935 1794 1219 1098 1581 1193 1134 1964 1734 1701 1648 1112 1740 1198 1988 1095 1289 1097 1984 1856 1975 1707 1475 1420 1025 1958 1784 1966 1464 1592 1380 1373 1577 1177 1666 1125 1082 1751 1503 1767 1291 1203 1793 1598 1332 1709 1878 1382 1552 1014 1592 1859 1973 1232 1780 1004 1724 1145 1376 1774 1934 1420 1564 1265 1361 1333 1419 1628 1802 1868 1860 1652 1079 1100 1542 1162 1356 1287 1385 1035 1832 1699 1561 1643 1187 1945 1382 BCNSPRNW ULIB Ver.6.0+V

เปลี่ยนเป็นภาษาไทย

Change to English
 แสดงรายละเอียดบรรณานุกรม
  กลับหน้าหลัก

Brief Record : Get Marc (ISO 2709) : E-mail record : QR code < ปิดหน้าต่าง
LEADER : 00000nam 2200000uu 4500
001    13399120517
003     ULIB
008    120921s2550||||th 000 0 tha d
020    ^a9789748420592
060 04 ^aWB935^bธ321ส 2550
100 0  ^aธรรมปราโมทย์
245 10 ^aสุขภาพสำคัญที่สุด :^bธรรมชาติบำบัดกับสุขภาพ /^cรวบรวม-เรียบเรียงโดย ธรรมปราโมทย์
246 30 ^aธรรมชาติบำบัดกับสุขภาพ
260    ^aกรุงเทพฯ :^bธรรมสภา,^c2550
300    ^a323 หน้า :^bภาพประกอบ ;^c22 ซม.
650  7 ^aการรักษาด้วยธรรมชาติ
650  7 ^aการแพทย์ทางเลือก
945    ^p0^l0^i14831
995    ^aกัณชพร
999 ^a ใช้งานได้ทุกระบบ
รายการนี้ยังไม่มีแท็ก
คุณยังไม่ได้ล็อกอิน คุณสามารถมีกิจกรรมร่วมกับเว็บไซต์ได้ แต่ต้องล็อกอินก่อน ::
  ล็อกอิน

รายการสื่อสารสนเทศ

ลำดับที่ ประเภท เลขเรียก/บาร์โค้ด สถานที่ สถานะ
1. วิทยาศาสตร์การแพทย์ และสุขภาพ
วิทยาศาสตร์การแพทย์ และสุขภาพ
WB935 ธ321ส 2550  
  Barcode: 14831
ห้องสมุดวิทยาเขตสวรรค์ประชารักษ์
►ส่วนจัดเก็บหนังสือเก่า สปร
บนชั้น
  ขอยืม

รายการใกล้เคียง
    ผู้แต่ง [ธรรมปราโมทย์]

    หัวเรื่อง [การรักษาด้วยธรรมชาติ]
    หัวเรื่อง [การแพทย์ทางเลือก]

BibComment


ยังไม่เคยถูกคอมเมนท์

คอมเมนท์ทรัพยากรรายการนี้
  คอมเมนท์: สุขภาพสำคัญที่สุ..


 Copyright 2026. Bcnsprnw @Library